Depende (Registo nº 1302)
[ vista simples ]
| 000 -Etiqueta do registo | |
|---|---|
| Cabeçalho | 01331nam a2200385 n 4500 |
| 005 - Identificador da versão | |
| Campo de controlo | 20240813121832.0 |
| 010 ## - Número internacional normalizado dos livros (ISBN) | |
| Número (ISBN) | 9789728818951 |
| 021 ## - Número do Depósito Legal | |
| Código do país | PT |
| Número | 257285/07 |
| 035 ## - Other System Control Numbers | |
| System Control Number | (bn)1733353 |
| System Control Number | 2240897 |
| 100 ## - Dados gerais de processamento | |
| Dados gerais de processamento | 20091230d2008 d y0pory5003 ba |
| 102 ## - Pais de publicação ou produção | |
| País de publicação | Portugal |
| 101 1# - Língua de publicação | |
| Língua do texto, banda sonora, etc. | Português |
| Língua do documento no original | Italiano |
| 106 ## - Campo de dados codificados: material textual | |
| Dados codificados do material textual | r |
| 105 ## - Campo de dados codificados: livros | |
| Dados codificados dos livros | a z 000yy |
| 215 ## - Descrição física | |
| Indicação específica da natureza do documento e extensão da espécie | 171, [4] p. |
| Outras indicações físicas | il. |
| Dimensões | 21 cm |
| 200 1# - Titulo e menção de responsabilidade | |
| Título próprio | Depende |
| Informação de outro título | Einstein e a teoria da relatividade |
| Primeira menção de responsabilidade | Anna Parisi, Lara Albanese |
| Outras menções de responsabilidade | trad. António Maia da Rocha |
| -- | rev. Maria Manuela Almeida |
| -- | il. Fabio Magnasciutti |
| 225 2# - Colecção | |
| Título próprio da colecção | Eureca! |
| Indicação de volume | 5 |
| 205 ## - Menção da edição | |
| Menção da edição | 1a ed |
| 210 ## - Publicação, Distribuição, etc. | |
| Lugar da edição, distribuição, etc. | S. João do Estoril |
| Nome do editor, distribuidor, etc. | Princípia |
| Data da publicação, distribuição, etc. | 2008 |
| 304 ## - Notas relativas a título e menção de responsabilidade | |
| Texto da nota | Tít. orig.: Dipende : Einstein e la teoria della relatività |
| 675 ## - Classificação Decimal Universal (CDU) | |
| Notação | 087.5 |
| Edição | BN |
| Língua da edição | por |
| Notação | 530.12(0.053.5/.6) |
| Edição | BN |
| Língua da edição | por |
| Notação | 53Einstein, Albert(0.053.5/.6) |
| Edição | BN |
| Língua da edição | por |
| Notação | 929Einstein, Albert(0.053.5/.6) |
| Edição | BN |
| Língua da edição | por |
| 702 #1 - Nome de autor-pessoa física (responsabilidade secundária) | |
| Número de registo de entrada de autoridade | 0001830 |
| Palavra de ordem | Rocha |
| Outra parte do nome não tomada para palavra de ordem | António Maia da |
| Código de função | Tradutor |
| Número de registo de entrada de autoridade | 0001836 |
| Palavra de ordem | Almeida |
| Outra parte do nome não tomada para palavra de ordem | Maria Manuela |
| Datas | 1954- |
| Código de função | Autor de recensão / Crítico |
| Número de registo de entrada de autoridade | 0001837 |
| Palavra de ordem | Magnasciutti |
| Outra parte do nome não tomada para palavra de ordem | Fabio |
| Datas | 1966- |
| Código de função | Ilustrador / Técnico de desenho computorizado |
| 701 #1 - Nome de autor-pessoa física (co-responsabilidade principal) | |
| Palavra de ordem | Albanese |
| Outra parte do nome não tomada para palavra de ordem | Lara |
| Datas | 1967- |
| Código de função | Autor / Co-autor |
| 700 #1 - Nome de autor-pessoa física (responsabilidade principal) | |
| Número de registo de entrada de autoridade | 0001834 |
| Palavra de ordem | Parisi |
| Outra parte do nome não tomada para palavra de ordem | Anna |
| Datas | 1961- |
| 966 ## - Identificação da Biblioteca | |
| Sigla | NUMETECA |
| 942 ## - Elementos de entrada adicionados (Koha) | |
| Tipo de item no Koha | Livro |
| Situação do levantamento | Origin of item (home branch) (coded) | Biblioteca de empréstimo | Código de barras | Cota | Circulation type (not for loan) | Tipo de documento | Nota do exemplar | Damaged status |
|---|---|---|---|---|---|---|---|---|
| Biblioteca Escolar Eng. Nuno Mergulhão | Biblioteca Escolar Eng. Nuno Mergulhão | BENM3174 | 2008 | 53 FIS PAR | Livro | Sem mensagem |
